00272nam a22000977a 4500008004100000082002100041100002500062245003600087260004200123300000900165230621b xxu||||| |||| 00| 0 eng d a328.30bGIC 1976 cH. B. Ndoria Gicheru aParliamentary Practice in Kenya aNairobibTransafrica Publishersc1976 a228p